00527nam a2200205 a 4500001001300000003000900013005001700022008004100039020002100080082001900101100001500120245004600135260002500181300000900206500003500215505001800250650001800268650002000286700001500306nice12345678IN_TiNIC20260116013122.0050524s1974 lona grp 000 0 eng  a0712677 c500a305.40965bYOU aYoung, Ian aPrivate Life of Islamb an Algerian Diary aLondonbRider c1974 a307p aincludes index and biblioraphy2 aBibliography, aWomen-Algeria aMuslims-Algeria1 aYoung, Ian